000 00483nam a2200193Ia 4500
008 210210b2008 xxu||||| |||| 00| 0 eng d
020 _a9788173713859
041 _aeng
082 _a543 KRUA
100 _aKRUPADANAM (G L David)
245 _aAnalytical chemistry
260 _aHyderabad
_bUniversities Press
_c2008
300 _aix--216
650 _achemistry
650 _aAnalytical
690 _aAnalytical Chemistry
700 _aPRASAD (D Vijaya)
906 _a063104
999 _c132833
_d132833